000 00558nam a2200217Ia 4500
008 101110s9999 xx 000 0 und d
041 _aMARATHI
082 _bSR33436
100 _aDeshmukh Mahadev S.va Vibhute Somnath S.
245 _aVyavsayik arthashatra FYBCom
260 _c2009
_bSheth prakashan, Mumbai
300 _a232
365 _b75
520 _aEconomics
546 _aMARATHI
630 _aVyavsayik arthashatra FYBCom
650 _aEconomics
655 _aEconomics
730 _aVyavsayik arthashatra FYBCom
942 _cBOOK
999 _c825937
_d825934